The Hollow Men: (Record no. 16957)
[ view plain ]
| 000 -LEADER | |
|---|---|
| fixed length control field | 00991cam a22002651 4500 |
| 001 - CONTROL NUMBER | |
| control field | 2651499 |
| 005 - DATE AND TIME OF LATEST TRANSACTION | |
| control field | 19830305000000.0 |
| 008 - FIXED-LENGTH DATA ELEMENTS--GENERAL INFORMATION | |
| fixed length control field | 710506r19671965enk b 000 0 eng |
| 040 ## - CATALOGING SOURCE | |
| Original cataloging agency | DLC |
| Transcribing agency | DLC |
| Modifying agency | DLC |
| 082 00 - DEWEY DECIMAL CLASSIFICATION NUMBER | |
| Classification number | 327.42 |
| Edition number | 22 |
| Item number | GEO |
| 100 1# - MAIN ENTRY--PERSONAL NAME | |
| Personal name | George, Margaret. |
| 9 (RLIN) | 30870 |
| 240 10 - UNIFORM TITLE | |
| Uniform title | <a href="Warped vision">Warped vision</a> |
| 245 14 - TITLE STATEMENT | |
| Title | The Hollow Men: |
| Remainder of title | an Examination of British Foreign Policy Between the Years 1933 and 1939; |
| Statement of responsibility, etc | with a foreword by A. L. Rowse. |
| 260 ## - PUBLICATION, DISTRIBUTION, ETC. (IMPRINT) | |
| Place of publication, distribution, etc | London, |
| Name of publisher, distributor, etc | Frewin, |
| Date of publication, distribution, etc | 1967. |
| 300 ## - PHYSICAL DESCRIPTION | |
| Extent | 256 p. |
| Dimensions | 22 cm. |
| 350 ## - PRICE (NR) (BK AM CF MU VM SE) [OBSOLETE] | |
| Price | 30/- |
| 500 ## - GENERAL NOTE | |
| General note | Originally published as "The warped vision." 1965. |
| 504 ## - BIBLIOGRAPHY, ETC. NOTE | |
| Bibliography, etc | Bibliography: p. 243-248. |
| 541 ## - IMMEDIATE SOURCE OF ACQUISITION NOTE | |
| Source of acquisition | Donation |
| 651 #0 - SUBJECT ADDED ENTRY--GEOGRAPHIC NAME | |
| Geographic name | Great Britain |
| General subdivision | Foreign relations |
| Chronological subdivision | 1901-1936. |
| 9 (RLIN) | 30871 |
| 651 #0 - SUBJECT ADDED ENTRY--GEOGRAPHIC NAME | |
| Geographic name | Great Britain |
| General subdivision | Foreign relations |
| Chronological subdivision | 1936-1945. |
| 9 (RLIN) | 30872 |
| 653 ## - INDEX TERM--UNCONTROLLED | |
| Resource For college | |
| Arrived date list | August2012 |
| 942 ## - ADDED ENTRY ELEMENTS (KOHA) | |
| Source of classification or shelving scheme | Dewey Decimal Classification |
| Item type | Book - Borrowing |
| Withdrawn status | Item status | Source of classification or shelving scheme | Damaged status | Not for loan | Vendor | Home library | Current library | Shelving location | Date acquired | Source of acquisition | Total Checkouts | Full call number | Barcode | Date last seen | Koha item type |
|---|---|---|---|---|---|---|---|---|---|---|---|---|---|---|---|
| Dewey Decimal Classification | Donation-Gift | Central Library | Central Library | First floor | 23/08/2012 | 327.42 GEO | 000027078 | 15/07/2025 | Book - Borrowing |